O valor da abondade (Registo nº 4553)
[ vista simples ]
| 000 -Etiqueta do registo | |
|---|---|
| Cabeçalho | 00677nam0a2200241 4500 |
| 005 - Identificador da versão | |
| Campo de controlo | 20240904170034.0 |
| 010 ## - Número internacional normalizado dos livros (ISBN) | |
| Número (ISBN) | 9729310211 |
| 021 ## - Número do Depósito Legal | |
| Código do país | PT |
| Número | 22726 |
| 100 ## - Dados gerais de processamento | |
| Dados gerais de processamento | 20161216d1990 a y0pory5003 ba |
| 101 1# - Língua de publicação | |
| Língua do texto, banda sonora, etc. | Português |
| Língua do documento no original | Inglês |
| 102 ## - Pais de publicação ou produção | |
| País de publicação | Portugal |
| 200 1# - Titulo e menção de responsabilidade | |
| Título próprio | O valor da abondade |
| Informação de outro título | a história de Elizabeth Fry |
| Primeira menção de responsabilidade | por Spencer Johnson, M. D. |
| Outras menções de responsabilidade | il. Pileggi |
| 210 ## - Publicação, Distribuição, etc. | |
| Lugar da edição, distribuição, etc. | [S.l.] |
| Nome do editor, distribuidor, etc. | Resomnia |
| Data da publicação, distribuição, etc. | cop. 1990 |
| 215 ## - Descrição física | |
| Indicação específica da natureza do documento e extensão da espécie | 60, [2] p. |
| Outras indicações físicas | il. color |
| 225 1# - Colecção | |
| Título próprio da colecção | Contos de valor |
| Indicação de volume | 8 |
| 606 ## - Nome comum usado como assunto | |
| Número de registo de entrada de autoridade | 0001589 |
| Palavra de ordem | Biografias |
| Código do sistema | CA |
| 675 ## - Classificação Decimal Universal (CDU) | |
| Notação | 929Fry, Elizabeth |
| Edição | 3ª ed. |
| Língua da edição | por |
| 700 #1 - Nome de autor-pessoa física (responsabilidade principal) | |
| Número de registo de entrada de autoridade | 0001591 |
| Palavra de ordem | Johnson |
| Outra parte do nome não tomada para palavra de ordem | Spencer |
| 702 #0 - Nome de autor-pessoa física (responsabilidade secundária) | |
| Número de registo de entrada de autoridade | 0000496 |
| Palavra de ordem | Pileggi |
| Código de função | Ilustrador / Técnico de desenho computorizado |
| 942 ## - Elementos de entrada adicionados (Koha) | |
| Tipo de item no Koha | Livro |
| 966 ## - Identificação da Biblioteca | |
| Sigla | EBVEN |
| Situação do levantamento | Origin of item (home branch) (coded) | Biblioteca de empréstimo | Código de barras | Cota | Circulation type (not for loan) | Tipo de documento | Nota do exemplar | Damaged status |
|---|---|---|---|---|---|---|---|---|
| Biblioteca Escolar das Vendas | Biblioteca Escolar das Vendas | BEV48 | 9BIO CON | Livro | Sem mensagem |
